|
|
|
|
| LEADER |
00689cam a22001814a 4500 |
| 005 |
20151215130429.0 |
| 008 |
000918s2001 enka bf 001 0 eng |
| 082 |
0 |
0 |
|a 658.401 2
|b CAR
|
| 100 |
1 |
|
|a Carlock, Randel S.,
|9 23365
|
| 245 |
1 |
0 |
|a Strategic planning for the family business
|b parallel planning to unify the family and business
|
| 300 |
|
|
|a xviii, 270 p
|
| 653 |
|
|
|a Family owned business enterprises- planning
|
| 700 |
1 |
|
|a Ward, John L.,
|9 23364
|
| 942 |
|
|
|c BK
|6 _
|
| 260 |
|
|
|a Hampshrie
|a New York
|b Palgrave
|c 2001
|
| 020 |
|
|
|a 9780333947319
|
| 999 |
|
|
|c 116634
|d 116634
|
| 952 |
|
|
|0 0
|1 0
|2 ddc
|4 0
|6 658401_2CAR
|7 0
|9 151101
|a SMS
|b SMS
|c GEN
|d 2013-06-15
|o 658.401 2 CAR
|p SMS025728
|r 2013-06-15
|w 2013-06-15
|y BK
|